000 00831nam a22002897a 4500
003 CHAP
005 20220329135813.0
008 971013s1967 r 00010 d
010 _a42450
011 _a43422
035 _a47558
040 _cCHAP
082 _a664.8
_bF73 1967
100 0 0 _aFrazier, W. C.
_943092
245 _aFood microbiology
250 _a3 ed.
260 _aNew York :
_bMcGraw-Hill,
_c1967
300 _a537 p.
_b: ilus.
590 _aBATCH-UPD
_b10
_c20130110
_lUCH01
_h1445
590 _aBATCH-UPD
_b10
_c20130410
_lUCH01
_h0915
590 _aBATCH-UPD
_b10
_c20130914
_lUCH01
_h0135
590 _aCONVERSION
_b10
_c20130109
_lUCH01
_h1323
650 1 4 _aAlimentos
_xBacteriología.
_94171
901 _aBK
942 _cLIBRO
949 _a664.8 F73 1967
_bBC
_cLIBRO
_d33724000115416
_eLIBRO
_h37232
_i47558
_si
999 _c42450
_d42450